000 00616nam a2200229Ia 4500
003 OSt
005 20220923225957.0
006 a|||||r|||| 00| 0
007 ta
008 220922b |||||||| |||| 00| 0 pan d
024 _a276,465
037 _cTextual
040 _aARTS
_cARTS
_bpan
041 _2pan
_apan
082 _aO153,2NPI,DR, J5
100 _aਸਿੰਘ, ਪਿਆਰਾ
245 0 _aਦਿਨ ਰਾਤ
260 _c1955
650 _aਪੰਜਾਬੀ ਸਾਹਿਤ
942 _hO153,2NPI,DR, J5
_cTEXL
_2CC
999 _c381722
_d381722